| 000 | 01375cam a2200409 a 4500 | ||
|---|---|---|---|
| 001 | 22551 | ||
| 003 | SK-KTurca | ||
| 005 | 20260331164848.0 | ||
| 008 | 240318s2015 xo a b 000 f slo | ||
| 015 | _aSNBA2015/06 | ||
| 020 |
_a9788010027699 _q(viaz.) |
||
| 035 | _a28E95703-FA02-4D8F-931D-ED41E31EEE15 | ||
| 035 | _aurn:nbn:sk:snk-amktt5 | ||
| 035 | _aurn:nbn:sk:snk-am004rho | ||
| 040 |
_aSVKBB _bslo _cSVKBB _dSNK _eAACR2 |
||
| 041 | 0 | _aslo | |
| 044 |
_axo _cSK |
||
| 072 | 7 |
_a821.162.4-3 _xSlovenská próza _2konspekt |
|
| 072 | 7 |
_a821-93 _xLiteratúra pre deti a mládež _2konspekt |
|
| 080 |
_a821.162.4-34 _22001 |
||
| 080 |
_a821-93 _22001 |
||
| 100 | 1 |
_aHronský, Jozef Cíger, _d1896-1960 _4aut |
|
| 245 | 1 | 0 |
_aBudkáčik a Dubkáčik _cJozef Cíger Hronský ; [ilustroval: Peter Cpin] |
| 250 | _a7. vyd. | ||
| 260 |
_aBratislava _bSlovenské pedagogické nakladateľstvo - Mladé letá _c2015 |
||
| 300 |
_a75 s. _bfareb. ilustr. _c21 cm |
||
| 490 | 1 | _aPrvé čítanie | |
| 521 | 1 | _aPre čitateľov od 6 rokov | |
| 655 | 7 |
_aslovenské rozprávky _2SNKPH |
|
| 655 | 7 |
_apublikácie pre deti _2SNKPH |
|
| 655 | 7 |
_aSlovak fairy tales _2SNKPH |
|
| 655 | 7 |
_aChildren's literature _2SNKPHeng |
|
| 700 | 1 |
_aCpin, Peter, _d1947- _4ill |
|
| 830 | 0 | _aPrvé čítanie | |
| 942 |
_2ddc _cKLDE _n0 |
||
| 999 |
_c22551 _d22551 |
||